US Presidents Terms of Office By ANY Year Quiz Stats

 Plays Quiz Updated Jan 20, 2017

Challenge
Share
Tweet
Embed
Score 0/44 Timer 08:00
3 Plays Today
President Term % Correct
Barack Obama???
80.1%
Bill Clinton???
78.8%
Lyndon B. Johnson???
76.7%
Franklin D. Roosevelt???
76.6%
John F. Kennedy???
76.1%
Ronald Reagan???
75.9%
Donald Trump???
75.7%
George W. Bush???
74.6%
Richard M. Nixon???
74.5%
Harry S Truman???
73.6%
George H. W. Bush???
72%
Jimmy Carter???
71.5%
Abraham Lincoln???
71.4%
Gerald Ford???
70.4%
Woodrow Wilson???
68.2%
Dwight D. Eisenhower???
67%
Thomas Jefferson???
66.2%
John Adams???
65.4%
Theodore Roosevelt???
60.7%
Herbert Hoover???
60.1%
George Washington???
59.9%
James Madison???
59.6%
President Term % Correct
Ulysses S. Grant???
59.4%
Andrew Johnson???
59.4%
William McKinley???
57.5%
Calvin Coolidge???
53.2%
James Monroe???
51.9%
James Buchanan???
50.1%
William Howard Taft???
48.3%
Warren G. Harding???
45%
Andrew Jackson???
44.9%
John Quincy Adams???
43.6%
Grover Cleveland???
43.2%
John Tyler???
41.4%
Martin Van Buren???
40%
Chester Arthur???
38.9%
Rutherford B. Hayes???
38.4%
James K. Polk???
36.8%
Millard Fillmore???
35.2%
William Henry Harrison???
35.2%
Franklin Pierce???
34.1%
Benjamin Harrison???
32.6%
James A. Garfield???
32.1%
Zachary Taylor???
30%

You're not logged in!

Compare scores with friends on all Sporcle quizzes.
Join for Free
OR
Log In

You Might Also Like...

Show Comments

Extras

Top Quizzes Today


Score Distribution

Your Account Isn't Verified!

In order to create a playlist on Sporcle, you need to verify the email address you used during registration. Go to your Sporcle Settings to finish the process.

Report this User

Report this user for behavior that violates our Community Guidelines.

Details: